Cabeza y cara

Guardat en:
Dades bibliogràfiques
Autor principal: Cailliet, René (Autor)
Format: Llibre
Idioma:espanyol
Publicat: Ciudad de México El Manual Moderno 1995
Col·lecció:Síndromes dolorosos
Matèries:
Etiquetes: Afegir etiqueta
Sense etiquetes, Sigues el primer a etiquetar aquest registre!

MARC

LEADER 00000nam a2200000 a 4500
001 UCR6068
003 CL-VaPUC
008 980420e19950000MX |||||||||||||||||spa|d
082 0 4 |a 616.7  |b CAI  |2 21 
100 0 |a Cailliet, René  |e author  |9 407163 
245 1 0 |a Cabeza y cara 
300 |a 235 p 
942 |c BK 
945 |d 19980420 00:00:00  |a rleighto 
260 |a Ciudad de México  |b El Manual Moderno  |c 1995 
650 7 |a DOLOR DE CABEZA  |2 CL-VaPUC  |9 407164 
650 7 |a FISIOLOGIA  |2 CL-VaPUC  |9 407165 
650 0 |a Anatomía  |9 261202 
650 0 |a Fisiopatología  |9 407166 
650 7 |a MIGRAÑA  |2 CL-VaPUC  |9 407167 
650 0 |a Cefalalgia (Cefalea)  |9 407168 
650 7 |a NEURALGIAS  |2 CL-VaPUC  |9 407169 
583 |a last modification  |c 19980420 00:00:00  |k Rodrigo Vera 
490 0 |a Síndromes dolorosos 
999 |c 268379  |d 268377 
952 |0 0  |1 0  |4 0  |6 616_700000000000000_CAI_1995  |7 0  |8 A  |9 301490  |a BIBEDU  |b BIBEDU  |d 2019-11-20  |i 3414981  |o 616.7 CAI 1995  |p 3414981  |r 2019-11-20  |w 2019-11-20  |y BK  |k BME